00321nam a2200121Ia 4500008004100000041000800041082001200049100001800061245004500079260004000124300002400164365001100188240624s9999 xx 000 0 und d aeng a828 SUN aMANGLA SUNITA aRELEVANCE OF SWAMI VIVEKANANDA IN 21ST C c2014aNew DelhibKalpaz Publication a173 : p. : cm. ; 22 cRSb25